000 00347 a2200157 4500
001 152894
040 _cEscola São Tomás de Aquino
100 _aMORAES, Rodrigo
240 1 0 _aO vestido da mamãe
_lpor
245 1 0 _aO vestido da mamãe
300 _a44
362 0 _a2015
440 1 _aFTD
697 _a*LITERATURA INFANTIL
942 _cBK
999 _c152894
_d152894